000 00555nam a2200181 i 4500
001 93712
003 ES-MaACL
005 20240420063035.0
007 t|
008 050418s1977 sp ||||1| spa d
100 0 _aLópez Estrada, Francisco,
_d1918-2010
_973627
245 1 4 _aLos "Primitivos" de Manuel y Antonio Machado /
_cFrancisco López Estrada.
250 _a[1ª ed.].
260 _aMadrid :
_bCupsa,
_c1977.
300 _a302 p., 1 h. con 3 lám. :
_bil. ;
_c22 cm.
852 _aES-MaACL
_jA-8044
_bR.96931
999 _c93712
_d93712